[Event "Calvi Balagne rapid KO 10th"]
[Site "Calvi"]
[Date "2013.04.14"]
[Round "1.2"]
[White "Leibenguth, Pablo"]
[Black "Fressinet, Laurent"]
[Result "0-1"]
[WhiteElo "1679"]
[BlackElo "2706"]
[PlyCount "64"]
[EventDate "2013.04.14"]
[EventType "k.o. (rapid)"]
[EventRounds "4"]
[EventCountry "FRA"]
[SourceTitle "CBM 153 Extra"]
[Source "ChessBase"]
[SourceDate "2013.04.22"]
[SourceVersion "1"]
[SourceVersionDate "2013.04.22"]
[SourceQuality "1"]

1. c4 e5 2. Nc3 Nc6 3. Nf3 f5 4. d3 Nf6 5. g3 Bb4 6. Bg2 Bxc3+ 7. bxc3 d6 8. 0-0 0-0 9. d4 e4 10. Nd2 Qe8 11. Nb3 b6 12. Ba3 Qf7 13. c5 dxc5 14. dxc5 Rd8 15. Qc2 Be6 16. cxb6 axb6 17. Bb4 Nd5 18. Rac1 Ncxb4 19. cxb4 Nxb4 20. Qxc7 Nxa2 21. Qxf7+ Bxf7 22. Rb1 Nc3 23. Rb2 Ra2 24. Rxa2 Nxa2 25. Nc1 Nc3 26. f3 e3 27. f4 b5 28. Bf3 Bc4 29. g4 g6 30. gxf5 gxf5 31. Kh1 b4 32. h4 b3 0-1

[Event "Marseille op 5th"]
[Site "Marseille"]
[Date "2012.12.27"]
[Round "3"]
[White "Tatinian, William"]
[Black "Leibenguth, Pablo"]
[Result "0-1"]
[WhiteElo "1853"]
[BlackElo "1638"]
[PlyCount "96"]
[EventDate "2012.12.26"]
[EventType "swiss"]
[EventRounds "9"]
[EventCountry "FRA"]
[SourceTitle "EXT 2014"]
[Source "ChessBase"]
[SourceDate "2013.11.20"]
[SourceVersion "1"]
[SourceVersionDate "2013.11.20"]
[SourceQuality "1"]

1. d4 d5 2. c4 c6 3. e3 Nf6 4. Nc3 e6 5. Nf3 Nbd7 6. Qc2 Bd6 7. g4 h6 8. Bd2 e5 9. e4 exd4 10. Nxd4 Bc5 11. Nb3 Qe7 12. 0-0-0 dxc4 13. Nxc5 Nxc5 14. f3 b5 15. g5 hxg5 16. Bxg5 Qb7 17. Qf2 Ne6 18. e5 Nd5 19. Ne4 Qb6 20. Nd6+ Kf8 21. Qxb6 axb6 22. Bd2 Rh5 23. h4 Rxe5 24. h5 Ke7 25. Nxc8+ Rxc8 26. h6 gxh6 27. Rxh6 Ndf4 28. Bc3 Rh5 29. Bf6+ Ke8 30. Rxh5 Nxh5 31. Bh4 f6 32. Bh3 Nhf4 33. Bxe6 Nxe6 34. Bxf6 Kf7 35. Bc3 Rd8 36. Rxd8 Nxd8 37. a4 bxa4 38. Bd4 b5 39. Kc2 Ke6 40. Kc3 Kf5 41. Be3 Ne6 42. Kb4 Ke5 43. Ka5 Kd5 44. Bd2 Nd4 45. Bc3 Nxf3 46. Kb6 Ne5 47. Ka5 Nd3 48. Bd2 Nxb2 0-1

[Event "Marseille op 5th"]
[Site "Marseille"]
[Date "2012.12.27"]
[Round "5"]
[White "Thomas, Anysia"]
[Black "Leibenguth, Pablo"]
[Result "1-0"]
[WhiteElo "1817"]
[BlackElo "1638"]
[PlyCount "67"]
[EventDate "2012.12.26"]
[EventType "swiss"]
[EventRounds "9"]
[EventCountry "FRA"]
[SourceTitle "EXT 2014"]
[Source "ChessBase"]
[SourceDate "2013.11.20"]
[SourceVersion "1"]
[SourceVersionDate "2013.11.20"]
[SourceQuality "1"]

1. d4 d5 2. c4 c6 3. Nf3 Nf6 4. Nc3 e6 5. cxd5 cxd5 6. Bf4 Nc6 7. e3 Be7 8. Bd3 0-0 9. 0-0 Bd7 10. a3 Rc8 11. Rc1 Na5 12. Ne5 Nc4 13. Qe2 b5 14. h3 a6 15. g4 Bc6 16. g5 Nd7 17. Nxd7 Qxd7 18. h4 f5 19. Kh2 Bd6 20. Bxd6 Qxd6+ 21. f4 g6 22. Rh1 Kf7 23. h5 Rh8 24. Kg3 Rcg8 25. Rh2 Qb8 26. Na2 Bb7 27. Rch1 Rc8 28. hxg6+ hxg6 29. Rh7+ Rxh7 30. Rxh7+ Ke8 31. Bxc4 dxc4 32. Qh2 Bc6 33. Qh6 Rd8 34. Qxg6+ 1-0